Welcome to the Holygrace Academy Library

Please use search bar below to get started

NANCY DREW - REAL FAKE (Record no. 7890)

MARC details
000 -LEADER
fixed length control field 00603nam a22001457a 4500
020 ## - INTERNATIONAL STANDARD BOOK NUMBER
ISBN 978-1-4169-3881-1
082 ## - DEWEY DECIMAL CLASSIFICATION NUMBER
Classification number 823
Item number KEE/N
100 ## - MAIN ENTRY--AUTHOR NAME
Personal name KEENE, CAROLYN
245 ## - TITLE STATEMENT
Title NANCY DREW - REAL FAKE
260 ## - PUBLICATION, DISTRIBUTION, ETC. (IMPRINT)
Place of publication NEW YORK
Name of publisher ALADDIN PAPERBACKS
Year of publication 2007
300 ## - PHYSICAL DESCRIPTION
Number of Pages 186
520 ## - SUMMARY, ETC.
Summary, etc I was all set for a fun-filled adventure in the City of Lights... until I started getting creepy e-mails from a strange address. It looks like the real mystery is going on behind the scenes. The other contestants are so eager to win, I wonder how far they're willing to go.
650 ## - SUBJECT ADDED ENTRY--TOPICAL TERM
Topical Term MYSTERY
Geographic subdivision UNITED STATES
942 ## - ADDED ENTRY ELEMENTS (KOHA)
Koha item type Books
Holdings
Withdrawn status Lost status Collection code Home library Current library Shelving location Date acquired Source of acquisition Cost, normal purchase price Full call number Accession Number Koha item type
    Fiction Main Library Main Library NEW SHELF WITH NEW ENTRY 20/11/2023 purchase 250.00 823 KEE/N 13471 Books